000 00701nam a2200217 u 4500
005 20240229063549.0
008 121017s2009 r 000 0 eng d
020 _a9789871603022
035 _aUPN01000187672
049 _aI
050 4 _aPQ7798.1 L3.4
_bA2.2
100 1 _aAlbino, Laura,
_d1943-
_933615
245 1 1 _a¡A bañarse! /
_cLaura Albino ; il. María Soledad Otero.
260 _aBuenos Aires :
_bRiderchild,
_c2009.
300 _a24 p. :
_bprincipalmente il. col.
440 4 _aLos buenos hábitos.
_pApartir de 3 años
650 4 _aLiteratura infantil argentina
_97511
650 4 _aLibros y lectura para niños
_92290
700 1 _aOtero, Maria Soledad,
_eil.
905 _aInfantil
999 _c159775
_d159775